| 000 | 00743nam a2200277 a 4500 | ||
|---|---|---|---|
| 003 | AR-BaBNM | ||
| 005 | 20251128202837.0 | ||
| 008 | 082120s2002 ||||||||||||||000 | spa|| | ||
| 040 | _cAR-BaBNM | ||
| 100 | 1 | _aAlvarez, Agustín | |
| 245 | 0 | 0 | _aManual de patología política |
| 260 |
_aBuenos Aires _bJackson _c1953 |
||
| 300 | _axx, 417 p. | ||
| 490 | 0 |
_aGrandes Escritores Argentinos _vv. 45 |
|
| 500 | _aContiene biografía del autor | ||
| 650 | 4 | _aPOSITIVISMO | |
| 650 | 4 | _aSISTEMAS POLITICOS | |
| 650 | 4 | _aVALORES SOCIALES | |
| 650 | 4 | _aSOCIOLOGIA | |
| 650 | 4 | _aESTADO Y EDUCACION | |
| 651 | 4 | _aArgentina | |
| 700 | 1 |
_aVictoria, Marcos _eprologuista |
|
| 800 | 1 |
_aPalcos, Alberto _edirector |
|
| 942 | _cBK | ||
| 998 | _cisola | ||
| 999 |
_c848 _d848 |
||